Statistics for fast typing

Click here to take the quiz!

General Stats

  • This quiz has been taken 28 times
  • The average score is 25 of 26

Answer Stats

order in alphabetLetter% Correct
1a
100%
2b
100%
3c
100%
4d
100%
5e
100%
6f
100%
7g
100%
8h
100%
9i
100%
10j
96%
11k
96%
12l
96%
13m
96%
14n
96%
15o
96%
16p
96%
17q
96%
18r
96%
19s
96%
20t
96%
21u
92%
22v
92%
23w
88%
24x
88%
25y
88%
26z
88%

Score Distribution

Percentile by Number Answered

Percent of People with Each Score

Your Score History

You have not taken this quiz